000 00224 a2200097 4500
001 52174
100 _aWindow A L
245 _aStrain Gauge Technology
260 _aLahore
_bIdara-e-Farogh-e-Urdu
_c
090 _c32837
_d32837
942 _aNUST-CAE
_cM
_c25377
999 _c287247
_d287247